000 00217nam a22000977a 4500
999 _c15862
_d15862
003 OSt
008 191022b ||||| |||| 00| 0 eng d
100 _aTreble,H A.
_94355
245 _aAn ABC of English Usage
942 _cBK